[Event "Catalunya-chT Gp2"]
[Site "Barcelona"]
[Date "2022.03.19"]
[Round "9.9"]
[White "Garcia Menchon, Josep"]
[Black "Codina Garcia, Jose"]
[Result "1/2-1/2"]
[WhiteElo "1986"]
[BlackElo "1889"]
[PlyCount "40"]
[EventDate "2022.01.22"]
[EventType "team-tourn"]
[EventRounds "9"]
[EventCountry "ESP"]
[SourceTitle "CBM 208 Extra"]
[Source "ChessBase"]
[SourceDate "2022.07.31"]
[SourceVersion "1"]
[SourceVersionDate "2022.07.31"]
[SourceQuality "1"]
[WhiteTeam "Salauris"]
[BlackTeam "Lleida"]
[WhiteTeamCountry "ESP"]
[BlackTeamCountry "ESP"]

1. e4 d5 2. Nc3 e6 3. g3 Nf6 4. Bg2 dxe4 5. Nxe4 Nbd7 6. d4 Nxe4 7. Bxe4 Nf6 8. Bg2 c5 9. Be3 Nd5 10. Nf3 Nxe3 11. fxe3 cxd4 12. exd4 Be7 13. 0-0 0-0 14. c3 Qc7 15. Ne5 Bd6 16. Qe2 Bd7 17. Rad1 Rad8 18. Qe4 Bc8 19. Qe2 Bd7 20. Qe4 Bc8 1/2-1/2

[Event "Catalunya-chT Gp2"]
[Site "Barcelona"]
[Date "2022.02.12"]
[Round "4.10"]
[White "Garcia Menchon, Josep"]
[Black "Claramunt Bassegoda, Marcel"]
[Result "0-1"]
[WhiteElo "1986"]
[BlackElo "2035"]
[PlyCount "78"]
[EventDate "2022.01.22"]
[EventType "team-tourn"]
[EventRounds "9"]
[EventCountry "ESP"]
[SourceTitle "CBM 208 Extra"]
[Source "ChessBase"]
[SourceDate "2022.07.31"]
[SourceVersion "1"]
[SourceVersionDate "2022.07.31"]
[SourceQuality "1"]
[WhiteTeam "Salauris"]
[BlackTeam "Colon Ateneu"]
[WhiteTeamCountry "ESP"]
[BlackTeamCountry "ESP"]

1. d4 d5 2. Bf4 c5 3. e3 Nc6 4. c3 Bf5 5. Qb3 Qb6 6. dxc5 Qxb3 7. axb3 e5 8. Bg3 Bxc5 9. b4 Bd6 10. b5 Nb8 11. Nf3 Nd7 12. Nd4 Bg6 13. Nb3 Ne7 14. h3 f6 15. Be2 Nc5 16. Nxc5 Bxc5 17. 0-0 Nf5 18. Bh2 Ke7 19. Bf3 Bf7 20. Re1 Nd6 21. b4 Bb6 22. Rd1 Rac8 23. Be2 Rc7 24. Kf1 Rhc8 25. Ra3 Bg6 26. Bg4 Bc2 27. Rxd5 Bxb1 28. Bxc8 Rxc8 29. Ke2 Be4 30. Rc5 Bxc5 31. bxc5 Nxb5 32. Rb3 Rxc5 33. c4 Nd6 34. f3 Bc6 35. e4 Rxc4 36. Rb2 a5 37. Bg1 a4 38. Kd2 b5 39. Bf2 b4 0-1

[Event "Tarragona-ch Seniors"]
[Site "Cambrils"]
[Date "2020.01.30"]
[Round "2.7"]
[White "Garcia Menchon, Josep"]
[Black "Tolda Andreu, Eloi"]
[Result "1-0"]
[WhiteElo "2146"]
[BlackElo "1842"]
[PlyCount "103"]
[EventDate "2020.01.23"]
[EventType "swiss"]
[EventRounds "8"]
[EventCountry "ESP"]
[SourceTitle "EXT 2024"]
[Source "ChessBase"]
[SourceDate "2023.10.10"]
[SourceVersion "1"]
[SourceVersionDate "2023.10.10"]
[SourceQuality "1"]

1. d4 Nf6 2. Nf3 c5 3. e3 cxd4 4. exd4 g6 5. Bd3 Bg7 6. 0-0 0-0 7. b3 Nc6 8. Bb2 d5 9. Ne5 Nb4 10. Be2 Bf5 11. Na3 Rc8 12. c3 Nc6 13. Nd3 Bxd3 14. Bxd3 Re8 15. Re1 a6 16. Nc2 Qc7 17. Rc1 Qf4 18. g3 Qc7 19. f4 Qd7 20. Kg2 b5 21. Ba3 e6 22. Bc5 Qb7 23. Qf3 Nd7 24. b4 Nb6 25. Re2 Nc4 26. Bxc4 bxc4 27. a4 Bf8 28. Bxf8 Kxf8 29. g4 Qd7 30. Qh3 f5 31. g5 Kg8 32. Ne1 Nd8 33. Nf3 Nf7 34. Rce1 Nd6 35. Ra1 Ne4 36. Ne5 Qa7 37. Qf3 Qg7 38. Kh1 Re7 39. Rg1 Qf8 40. h4 Qe8 41. Ra1 Rcc7 42. Kg2 Rg7 43. Rb2 Rb7 44. b5 axb5 45. axb5 Rb6 46. Nc6 Rgb7 47. Rba2 Kg7 48. Ra8 Qd7 49. Rd8 Qc7 50. Raa8 Rxb5 51. Rg8+ Kf7 52. Raf8# 1-0

[Event "Tarragona-ch Seniors"]
[Site "Cambrils"]
[Date "2020.01.23"]
[Round "1.19"]
[White "Ortega Lopez, Manuel"]
[Black "Garcia Menchon, Josep"]
[Result "0-1"]
[WhiteElo "1737"]
[BlackElo "2146"]
[PlyCount "100"]
[EventDate "2020.01.23"]
[EventType "swiss"]
[EventRounds "8"]
[EventCountry "ESP"]
[SourceTitle "EXT 2024"]
[Source "ChessBase"]
[SourceDate "2023.10.10"]
[SourceVersion "1"]
[SourceVersionDate "2023.10.10"]
[SourceQuality "1"]

1. e4 g6 2. Nf3 Bg7 3. c3 b6 4. d4 Bb7 5. Bd3 e6 6. 0-0 Ne7 7. Bg5 h6 8. Be3 0-0 9. Qd2 Kh7 10. Qe2 d6 11. e5 Nd7 12. Rd1 a6 13. h4 Nf5 14. h5 Nxe3 15. fxe3 Bxf3 16. Qxf3 dxe5 17. dxe5 Nxe5 18. Qe4 Qg5 19. hxg6+ fxg6 20. Be2 h5 21. Nd2 Bh6 22. Nf1 Rae8 23. Rd2 Re7 24. Rad1 Ref7 25. Rd4 Rf2 26. R4d2 Rxf1+ 27. Bxf1 Qxe3+ 28. Qxe3 Bxe3+ 29. Kh1 Bxd2 30. Bxa6 Rf2 31. Bc8 Re2 32. Bxe6 Nd3 33. Bc4 Nf2+ 34. Kh2 Nxd1 35. Bxe2 Nxb2 36. c4 Na4 37. Bd1 Nc5 38. Bc2 Bf4+ 39. Kg1 Kg7 40. Kf2 Kf6 41. Kf3 g5 42. a4 Ke5 43. Bd1 g4+ 44. Kf2 Kd4 45. Bc2 Ne4+ 46. Ke1 h4 47. Bd1 h3 48. gxh3 gxh3 49. Bf3 Nd2 50. Bd5 Nxc4 0-1